| 000 | 00850nam a22002777a 4500 | ||
|---|---|---|---|
| 005 | 20220329141230.0 | ||
| 008 | 971010s1974 r 00010 d | ||
| 010 | _a64809 | ||
| 011 | _a65781 | ||
| 035 | _a73134 | ||
| 082 |
_a634.955 _bR9 |
||
| 100 | 0 | 0 |
_aRyookiti, Toda. _9101048 |
| 245 | _aForest tree breeding in the world | ||
| 260 |
_aTokyo : _bMeguro, _c1974 |
||
| 300 | _a205 p | ||
| 500 | _a1992/117 | ||
| 590 |
_aBATCH-UPD _b10 _c20130110 _lUCH01 _h0151 |
||
| 590 |
_aBATCH-UPD _b10 _c20130110 _lUCH01 _h0923 |
||
| 590 |
_aBATCH-UPD _b10 _c20130410 _lUCH01 _h0544 |
||
| 590 |
_aBATCH-UPD _b10 _c20130914 _lUCH01 _h1537 |
||
| 590 |
_aCONVERSION _b10 _c20130109 _lUCH01 _h1335 |
||
| 650 | 1 | 4 |
_aÁrboles _xMejoramiento. _96622 |
| 650 | 1 | 4 |
_aGenética forestal. _947489 |
| 901 | _aBK | ||
| 949 |
_a634.955 R9 _bDCF _cLIBRO _d-5902 _eLIBRO _h4060 _i73134 _si |
||
| 999 |
_c64809 _d64809 |
||